000 00456nmm a2200157Ia 4500
008 251105s9999||||xx |||||||||||||||||und||
020 _a9788499481425
041 _aspa
100 _aAlmagro Urbano, Raúl
245 0 _aLas luces del alba
264 _a[Madrid, España] :
_bEditorial Club Universitario: ECU,
_c2010
300 _a115 páginas
650 _aSpanish narrative
856 _uhttps://public.digitaliapublishing.com/a/173472
942 _cCF
999 _c92904
_d92904